|
|
|
|
| LEADER |
00000cam a22000004a 4500 |
| 001 |
musev2_29938 |
| 003 |
MdBmJHUP |
| 005 |
20230905043152.0 |
| 006 |
m o d |
| 007 |
cr||||||||nn|n |
| 008 |
030702s2004 nju o 00 0 eng d |
| 020 |
|
|
|a 9781400826131
|
| 020 |
|
|
|z 9780691127804
|
| 020 |
|
|
|z 9780691118161
|
| 035 |
|
|
|a (OCoLC)646805570
|
| 040 |
|
|
|a MdBmJHUP
|c MdBmJHUP
|
| 100 |
1 |
|
|a Corngold, Stanley.
|
| 245 |
1 |
0 |
|a Lambent Traces :
|b Franz Kafka /
|c Stanley Corngold.
|
| 264 |
|
1 |
|a Princeton, NJ :
|b Princeton University Press,
|c 2004.
|
| 264 |
|
3 |
|a Baltimore, Md. :
|b Project MUSE,
|c 2015
|
| 264 |
|
4 |
|c ©2004.
|
| 300 |
|
|
|a 1 online resource (288 pages).
|
| 336 |
|
|
|a text
|b txt
|2 rdacontent
|
| 337 |
|
|
|a computer
|b c
|2 rdamedia
|
| 338 |
|
|
|a online resource
|b cr
|2 rdacarrier
|
| 505 |
0 |
|
|a Preface; Abbreviations for Kafka Citations; Introduction: Beginnings; CHAPTER 1 In the Circle of "The Judgment"; CHAPTER 2 The Trial: The Guilt of an Unredeemed Literary Promise; CHAPTER 3 Medial Interferences in The Trial Or, res in Media; CHAPTER 4 Allotria and Excreta in "In the Penal Colony"; CHAPTER 5 Nietzsche, Kafka, and Literary Paternity; CHAPTER 6 Something to Do with the Truth Kafka's Later Stories; CHAPTER 7 "A Faith Like a Guillotine" Kafka on Skepticism; CHAPTER 8 Kafka and the Dialect of Minor Literature; CHAPTER 9 Adorno's "Notes on Kafka" A Critical Reconstruction.
|
| 520 |
|
|
|a On the night of September 22, 1912, Franz Kafka wrote his story "The Judgment," which came out of him "like a regular birth." This act of creation struck him as an unmistakable sign of his literary destiny. Thereafter, the search of many of his characters for the Law, for a home, for artistic fulfillment can be understood as a figure for Kafka's own search to reproduce the ecstasy of a single night. In Lambent Traces: Franz Kafka, the preeminent American critic and translator of Franz Kafka traces the implications of Kafka's literary breakthrough. Kafka's first concern was not his responsibili.
|
| 546 |
|
|
|a English.
|
| 588 |
|
|
|a Description based on print version record.
|
| 600 |
1 |
7 |
|a Kafka, Franz,
|d 1883-1924
|2 fast
|0 (OCoLC)fst00073986
|
| 600 |
1 |
1 |
|a Kafka, Franz,
|d 1883-1924
|x Criticism and interpretation.
|
| 600 |
1 |
0 |
|a Kafka, Franz,
|d 1883-1924
|x Criticism and interpretation.
|
| 650 |
|
7 |
|a German literature.
|2 fast
|0 (OCoLC)fst00941797
|
| 650 |
|
7 |
|a LITERARY CRITICISM
|x European
|x German.
|2 bisacsh
|
| 650 |
|
6 |
|a Litterature allemande.
|
| 650 |
|
0 |
|a German literature.
|
| 655 |
|
7 |
|a Criticism, interpretation, etc.
|2 fast
|0 (OCoLC)fst01411635
|
| 655 |
|
7 |
|a Electronic books.
|2 local
|
| 710 |
2 |
|
|a Project Muse.
|e distributor
|
| 830 |
|
0 |
|a Book collections on Project MUSE.
|
| 856 |
4 |
0 |
|z Texto completo
|u https://projectmuse.uam.elogim.com/book/29938/
|
| 945 |
|
|
|a Project MUSE - Custom Collection
|
| 945 |
|
|
|a Project MUSE - Archive Complete Supplement III
|
| 945 |
|
|
|a Project MUSE - Archive Literature Supplement III
|